APPLIED philosophy :morals and metaphysics in contemporary debate

Salvato in:
Dettagli Bibliografici
Natura: Libro
Lingua:inglese
Pubblicazione: Routledge 2021
Tags: Aggiungi Tag
Nessun Tag, puoi essere il primo ad aggiungerne!!

MARC

LEADER 00000nam a22000007a 4500
008 240807b |||||||| |||| 00| 0 eng d
020 |a 9780367457211 
245 |a APPLIED philosophy  |b :morals and metaphysics in contemporary debate  |c /edited by Brenda Almond and Donald Hill  |g vi, 334p 
260 |b Routledge  |c 2021  |h London  |i 702277  |i 702278  |l BJ1012.Ap5  |m Ethics  |m Social ethics  |m Environmental ethics  |m Applied philosophy 
500 |a it includes index 
942 |a lcc  |c BK  |e Johnson  |f 07/08/24 
952 |0 0  |1 0  |2 lcc  |4 0  |6 BJ1012 A P5  |7 0  |9 5434  |a ART  |b HOL  |c AF  |d 2024-08-07  |l 0  |o BJ1012.Ap5  |p 2024-0675  |r 2024-08-07 00:00:00  |t 702277  |w 2024-08-07  |y BK 
952 |0 0  |1 0  |2 lcc  |4 0  |6 BJ1012 A P5  |7 0  |9 5435  |a HOL  |b HOL  |c AF  |d 2024-08-07  |l 0  |o BJ1012.Ap5  |p 2024-0676  |r 2024-08-07 00:00:00  |t 702278  |w 2024-08-07  |y BK 
999 |c 2689  |d 2689